000 00415nam a22001697a 4500
003 OSt
005 20220523143229.0
008 220523b |||||||| |||| 00| 0 eng d
020 _a978-0-00-789218-1
040 _aDDC
_cHU
082 _21ST
_a823
_b1
100 _aALISTRAIR MACLEAN
_936891
245 _aHUMS ULYSSES
250 _a1ST
260 _aLONDON
_bHARPERCOLLINS PUBLISHING
_c1995
942 _2ddc
_cBOOKS
_n0
999 _c35472
_d35472